Bevölkerungs- und Wirtschaftsentwicklung in den mittel- und osteuropäischen Ländern (Record no. 8796)
[ view plain ]
| 000 -LEADER | |
|---|---|
| fixed length control field | 04846nam a22004817u 4500 |
| 001 - CONTROL NUMBER | |
| control field | pwiiw4869 |
| 003 - CONTROL NUMBER IDENTIFIER | |
| control field | OSt |
| 005 - DATE AND TIME OF LATEST TRANSACTION | |
| control field | 20260517120238.0 |
| 008 - FIXED-LENGTH DATA ELEMENTS--GENERAL INFORMATION | |
| fixed length control field | 190327t2019 au ||||| |||||||| ||ger d |
| 040 ## - CATALOGING SOURCE | |
| Transcribing agency | OSt |
| 041 ## - LANGUAGE CODE | |
| Language code of text/sound track or separate title | ger |
| 084 ## - OTHER CLASSIFICATION NUMBER | |
| Classification number | J11 |
| -- | J31 |
| -- | J61 |
| -- | J64 |
| -- | O50 |
| Number source | jelc |
| 100 1# - MAIN ENTRY--PERSONAL NAME | |
| Personal name | Astrov, Vasily |
| 245 10 - TITLE STATEMENT | |
| Title | Bevölkerungs- und Wirtschaftsentwicklung in den mittel- und osteuropäischen Ländern |
| 260 ## - PUBLICATION, DISTRIBUTION, ETC. | |
| Place of publication, distribution, etc. | Wien : |
| Name of publisher, distributor, etc. | Wiener Institut für Internationale Wirtschaftsvergleiche (wiiw), |
| Date of publication, distribution, etc. | 2019. |
| 300 ## - PHYSICAL DESCRIPTION | |
| Extent | 115 S., |
| Other physical details | 59 Tables, 33 Figures and 7 Maps, |
| Dimensions | 30cm. |
| 490 1# - SERIES STATEMENT | |
| Series statement | wiiw Research Reports in German Language |
| Volume/sequential designation | 13 |
| 520 ## - SUMMARY, ETC. | |
| Summary, etc. | This publication is available in German language only.<br/><br/>For a brief English summary see further below.<br/><br/>Der Zustrom aus den mittel- und osteuropäischen Ländern (MOEL) spielte eine wichtige Rolle bei der Bevölkerungsentwicklung in Österreich und Wien zwischen 2000 und 2016. Dies hat auch zu einer signifikanten Veränderung der Beschäftigungsstruktur in Wien geführt, die teilweise zu einer Verdrängung inländischer und anderer ausländischer Arbeitnehmer führte. Die Studie gibt eine Einschätzung des aktuellen und zukünftigen Migrationspotenzials nach Österreich und Wien aus den MOEL und zwei Westbalkanländern, Bosnien und Herzegowina und Serbien. Die wirtschaftliche Entwicklung in den MOEL ist seit einigen Jahren sehr positiv, und auch die Prognosen deuten auf ein stetiges Wirtschaftswachstum mit deutlich höheren Wachstumsraten als im EU-Durchschnitt hin. Damit einhergehend hat sich die Arbeitsmarktsituation in diesen Ländern insgesamt verbessert. Dies und die allgemeine demographische Entwicklung in der Region führen zu einer Verlangsamung der Mobilitätsströme aus den MOEL. Dennoch ist die demographische Entwicklung in der Region und auf dem Westbalkan nach wie vor besorgniserregend, da die Bevölkerung (insbesondere jene im erwerbsfähigen Alter) schrumpft. Demographische Langzeitszenarien gehen davon aus, dass die Bevölkerung in der Region in den kommenden Jahrzehnten weiter stark zurückgehen wird. Diese Entwicklungen deuten auf eine Abflachung der Trends hin, wenn nicht sogar auf eine mittelfristige Schwächung der bestehenden Mobilitätsströme nach Österreich und Wien. Es gibt auch keine Hinweise darauf, dass sich die regionale Struktur der Migrationsströme in Hinblick auf die österreichischen Bundesländer stark verschieben wird.<br/><br/> <br/><br/>English Summary<br/><br/>Population trends and economic development in Central and East European countries<br/><br/>The influx from Central and East European countries (CEECs) played an important role in population trends in Austria and Vienna between 2000 and 2016. This has also led to a significant change in the employment structure in Vienna, partly resulting in the displacement of both domestic and other foreign workers. The study assesses the current and future migration potential to Austria and Vienna from the CEECs and two Western Balkan countries, Bosnia and Herzegovina and Serbia. Economic developments in the CEECs have been very positive for some years already and forecasts also point to steady economic growth with significantly higher growth rates than the EU average. In line with this, the labour market situation in these countries has generally improved. This and the general demographic developments in the region lead to a slowdown in mobility flows from CEECs. Nonetheless, demographic developments in the region and the Western Balkans remain worrying as population is shrinking and the working-age population even more so. Demographic long-term scenarios suggest that the population in the region will continue to shrink sharply in the coming decades. These developments point towards a flattening of trends, if not a weakening of existing mobility flows to Austria and Vienna in the medium term. Finally, there are no indications that the patterns of mobility flows to Austrian regions (i.e. with respect to individual provinces) will shift significantly.<br/> |
| 650 ## - SUBJECT ADDED ENTRY--TOPICAL TERM | |
| Topical term or geographic name entry element | Demographie |
| 650 ## - SUBJECT ADDED ENTRY--TOPICAL TERM | |
| Topical term or geographic name entry element | regionale Entwicklung |
| 650 ## - SUBJECT ADDED ENTRY--TOPICAL TERM | |
| Topical term or geographic name entry element | Arbeitsmarkt |
| 650 ## - SUBJECT ADDED ENTRY--TOPICAL TERM | |
| Topical term or geographic name entry element | Migration |
| 650 ## - SUBJECT ADDED ENTRY--TOPICAL TERM | |
| Topical term or geographic name entry element | demography |
| 650 ## - SUBJECT ADDED ENTRY--TOPICAL TERM | |
| Topical term or geographic name entry element | regional development |
| 650 ## - SUBJECT ADDED ENTRY--TOPICAL TERM | |
| Topical term or geographic name entry element | labour market |
| 651 ## - SUBJECT ADDED ENTRY--GEOGRAPHIC NAME | |
| Geographic name | Austria |
| 651 ## - SUBJECT ADDED ENTRY--GEOGRAPHIC NAME | |
| Geographic name | Bosnia and Herzegovina |
| 651 ## - SUBJECT ADDED ENTRY--GEOGRAPHIC NAME | |
| Geographic name | New EU Member States |
| 651 ## - SUBJECT ADDED ENTRY--GEOGRAPHIC NAME | |
| Geographic name | Serbia |
| 690 ## - LOCAL SUBJECT ADDED ENTRY--TOPICAL TERM (OCLC, RLIN) | |
| Topical term or geographic name as entry element | Macroeconomic Analysis and Policy |
| 690 ## - LOCAL SUBJECT ADDED ENTRY--TOPICAL TERM (OCLC, RLIN) | |
| Topical term or geographic name as entry element | Labour, Migration and Income Distribution |
| 690 ## - LOCAL SUBJECT ADDED ENTRY--TOPICAL TERM (OCLC, RLIN) | |
| Topical term or geographic name as entry element | Regional Development |
| 700 1# - ADDED ENTRY--PERSONAL NAME | |
| Personal name | Holzner, Mario |
| 700 1# - ADDED ENTRY--PERSONAL NAME | |
| Personal name | Jestl, Stefan |
| 700 1# - ADDED ENTRY--PERSONAL NAME | |
| Personal name | Landesmann, Michael |
| 700 1# - ADDED ENTRY--PERSONAL NAME | |
| Personal name | Mara, Isilda |
| 700 1# - ADDED ENTRY--PERSONAL NAME | |
| Personal name | Römisch, Roman |
| 700 1# - ADDED ENTRY--PERSONAL NAME | |
| Personal name | Stehrer, Robert |
| 9 (RLIN) | 5 |
| 700 1# - ADDED ENTRY--PERSONAL NAME | |
| Personal name | Vidovic, Hermine |
| 830 #0 - SERIES ADDED ENTRY--UNIFORM TITLE | |
| Volume/sequential designation | 13 |
| Bibliographic record control number | WIIW0000108 |
| Title of a work | wiiw Research Reports in German Language |
| 856 40 - ELECTRONIC LOCATION AND ACCESS | |
| Uniform Resource Identifier | <a href="https://wiiw.ac.at/p-4869.html">https://wiiw.ac.at/p-4869.html</a> |
| 942 ## - ADDED ENTRY ELEMENTS (KOHA) | |
| Koha item type | Paper |
| Withdrawn status | Lost status | Damaged status | Not for loan | Home library | Current library | Shelving location | Date acquired | Inventory number | Total Checkouts | Barcode | Date last seen | Price effective from | Koha item type |
|---|---|---|---|---|---|---|---|---|---|---|---|---|---|
| WIIW | WIIW | Library | 03/27/2019 | pwiiw4869 | 1000010004869 | 03/27/2019 | 03/27/2019 | Paper |
